000 00608nam a2200217Ia 4500
005 20230328105017.0
008 131103s9999 xx 000 0 und d
020 _a81-7384-214-0
_cRs.120
040 _aLoreto College
041 _aEnglish
082 _a822.91
_bSHA-DUT
245 _aG.B. Shaw's Arms and the Man
_cedited and surveyed by Kalyannath Dutta
250 _aenlarged ed.
260 _aKolkata
_bSribhumi Publishing Co.
_c2001
300 _a325p, 20.5cm.
650 _aShaw, G.B.-Plays
651 _aArms and the Man
700 _aDutta, Kalyannath ed.
850 _aLCLIB
942 _cBK
999 _c2016
_d52495